Analýza chlórodibenzodioxínov a chlórdibenzofuránov metódou plynovej chromatografie-hmotnostnej spektrometrie /

Gespeichert in:
Bibliographische Detailangaben
1. Verfasser: Kočan, Anton (Verfasst von)
Format: Manuskript Buch
Veröffentlicht: Bratislava : SVŠT v Bratislave ChtF, 1987
Tags: Tag hinzufügen
Keine Tags, Fügen Sie das erste Tag hinzu!

MARC

LEADER 00000ntm a22000003a 4500
001 stu15123
005 20150617225800.0
008 ------s1987----cs----------------------d
040 |a STU  |b slo 
041 0
044 |a cs 
080 |a 543.544.25+543.51(043.3) 
100 1 |a Kočan, Anton  |4 aut 
245 1 |a Analýza chlórodibenzodioxínov a chlórdibenzofuránov metódou plynovej chromatografie-hmotnostnej spektrometrie /  |c [aut.]Kočan,Anton 
260 |a Bratislava :  |b SVŠT v Bratislave ChtF,  |c 1987 
300 |a 88 s :  |b Tab.,grafy,lit 
996 |b CKD87  |c C*KD87  |l CCI  |s A  |a 24  |w stu15123_0001